00410nam a22001337a 450000500170000000800410001704100120005808200130007010000120008324500390009526000880013430000290022265000250025120240819132755.0240819b |||||||| |||| 00| 0 eng d aEnglish a349 LAW  lEnglish aThe Law Reports: Probate Division  aLondon: bThe Incorporated Council of Law Reporting for England and Waales, c1970  bxi, 216 pages; c25 cm.  aLegal practice bLaw